Modelling and Simulation in Management, Informatics and Control MOSMIC' 2001 proceedings of the International Workshop, Súľov, October 9-10, 2001
| Korporatívny autor: | |
|---|---|
| Ďalší autori: | |
| Médium: | Konferenčný príspevok Kniha |
| Jazyk: | angličtina čeština slovenčina |
| Fyzický popis: | 165 strán grafy, schémy, tabuľky 21 cm |
| Vydavateľské údaje: |
Žilina
University of Žilina
c 2001
|
| ISBN: | 8071008834 |
| Predmet: |
MARC
| LEADER | 00000cam a2200000 a 4500 | ||
|---|---|---|---|
| 001 | vtls001439597 | ||
| 003 | SK-MaSNL | ||
| 005 | 20260301202916.0 | ||
| 008 | 150714s2001 xo dl frn 10000deng | ||
| 015 | |a SNBA2002/12-03966 | ||
| 020 | |a 8071008834 | ||
| 035 | |a SNK000394751 | ||
| 040 | |a SNK |b slo |c SNK |e AACR2 | ||
| 041 | 0 | |a eng |a cze |a slo |b cze | |
| 044 | |a xo |c SK | ||
| 072 | 7 | |a 004 |x Počítačová veda. Výpočtová technika. Informačné technológie |2 konspekt | |
| 080 | |a 681.32(082)=854=850=20 |2 1981 | ||
| 080 | |a 65.012.4(082)=854=850=20 |2 1981 | ||
| 080 | |a 519.872(082)=584=850=20 |2 1981 | ||
| 080 | |a 519.86/.87 |2 2011 | ||
| 080 | |a 004.94 |2 2011 | ||
| 080 | |a 519.876.5 |2 2011 | ||
| 080 | |a 007+004 |2 2011 | ||
| 080 | |a 005 |2 2011 | ||
| 080 | |a (062.534) |2 2011 | ||
| 111 | 2 | |a MOSMIC |d (2001 : |c Súľov, Slovensko) |4 aut |9 585648 | |
| 245 | 1 | 0 | |a Modelling and Simulation in Management, Informatics and Control MOSMIC' 2001 |b proceedings of the International Workshop, Súľov, October 9-10, 2001 |c editet Mikuláš Alexík |
| 260 | |a Žilina |b University of Žilina |c c 2001 | ||
| 300 | |a 165 strán |b grafy, schémy, tabuľky |c 21 cm | ||
| 500 | |a Obsahuje biografické údaje | ||
| 504 | |a Obsahuje bibliografické odkazy. Autorský register | ||
| 546 | |a České resumé. Čiastočný text v češtine a slovenčine | ||
| 650 | 0 | 7 | |a modelovanie a simulácia |2 SNKPH |9 3666 |
| 650 | 0 | 7 | |a počítačová simulácia |2 SNKPH |9 1866 |
| 650 | 0 | 7 | |a simulačné modely |2 SNKPH |9 3667 |
| 650 | 0 | 7 | |a informačné systémy |2 SNKPH |9 1128 |
| 650 | 0 | 7 | |a informatika |2 SNKPH |9 1124 |
| 650 | 0 | 7 | |a manažment |2 SNKPH |9 922 |
| 655 | 7 | |a zborníky konferencií |2 SNKPH |9 70153 | |
| 700 | 1 | |a Alexík, Mikuláš, |d 1943- |4 edt |9 27024 | |
| 919 | |a 80-7100-883-4 | ||
| 958 | |a ART | ||
| 958 | |a TL | ||
| 958 | |a NB | ||
| 958 | |a BC | ||
| 958 | |a ZB | ||
| 958 | |a OND | ||
| 999 | |c 900665 |d 902595 | ||
| 952 | |t P60, <03>, [BOOK], {603} |a SNK |b SNK |y PREZ |7 0 |p 17A0354119 |o snkSC 109048 |i snkKSP 10517/2002 |0 0 |1 0 |4 0 |d 2002-08-26 |l 0 |r 2025-09-30 00:00:00 |w 2026-02-24 | ||
| 952 | |t P60, <04>, [BOOK], {604} |a SNK |b SNK |y VYP |7 0 |p 17A0354120 |o snkSC 109048 D1 |i snkKSP 10518/2002 |0 0 |1 0 |4 0 |d 2002-08-26 |l 0 |r 2005-01-02 00:00:00 |w 2026-02-24 | ||


